000 00332nam a22001337a 4500
003 SGT
020 _a978-93-81124-78-9
082 _a370
_bMASD
100 _aमदान, पूनम
245 _aज्ञान एवं पाठ्यचर्या
260 _aU.P.
_bAGARWAL PUB
_c2018
300 _a208
942 _2ddc
_cBK
999 _c17149
_d17149